<?xml version="1.0" encoding="UTF-8"?>
<record
    xmlns:xsi="http://www.w3.org/2001/XMLSchema-instance"
    xsi:schemaLocation="http://www.loc.gov/MARC21/slim http://www.loc.gov/standards/marcxml/schema/MARC21slim.xsd"
    xmlns="http://www.loc.gov/MARC21/slim">

  <leader>04142nam a2200385 a 4500</leader>
  <controlfield tag="001">000013498</controlfield>
  <controlfield tag="005">20200929163240.0</controlfield>
  <controlfield tag="008">150130s2012    dr ac         000 0 spa d</controlfield>
  <datafield tag="020" ind1=" " ind2=" ">
    <subfield code="a">9789945173918 (v. 1)</subfield>
  </datafield>
  <datafield tag="020" ind1=" " ind2=" ">
    <subfield code="a">9789945173925 (v. 2)</subfield>
  </datafield>
  <datafield tag="020" ind1=" " ind2=" ">
    <subfield code="a">9789945173932 (v. 3)</subfield>
  </datafield>
  <datafield tag="020" ind1=" " ind2=" ">
    <subfield code="a">9789945173949 (v. 4)</subfield>
  </datafield>
  <datafield tag="020" ind1=" " ind2=" ">
    <subfield code="a">9789945173956 (v. 5)</subfield>
  </datafield>
  <datafield tag="020" ind1=" " ind2=" ">
    <subfield code="a">9789945173970 (v. 6)</subfield>
  </datafield>
  <datafield tag="020" ind1=" " ind2=" ">
    <subfield code="a">9789945173987 (v. 7)</subfield>
  </datafield>
  <datafield tag="020" ind1=" " ind2=" ">
    <subfield code="a">9789945173994 (v. 8)</subfield>
  </datafield>
  <datafield tag="040" ind1=" " ind2=" ">
    <subfield code="a">DO-SdBNP</subfield>
    <subfield code="b">spa</subfield>
    <subfield code="c">BNPHU</subfield>
  </datafield>
  <datafield tag="082" ind1=" " ind2=" ">
    <subfield code="a">xxxx</subfield>
    <subfield code="b">xxxx</subfield>
  </datafield>
  <datafield tag="245" ind1="0" ind2="0">
    <subfield code="a">Lengua y literatura :</subfield>
    <subfield code="b">educaci&#xF3;n b&#xE1;sica /</subfield>
    <subfield code="c">coordinaci&#xF3;n editorial Anna Rogero Soler ; ilustraciones Laura Arias.</subfield>
  </datafield>
  <datafield tag="260" ind1=" " ind2=" ">
    <subfield code="a">Santo Domingo :</subfield>
    <subfield code="b">SM,</subfield>
    <subfield code="c">2012.</subfield>
  </datafield>
  <datafield tag="300" ind1=" " ind2=" ">
    <subfield code="a">8 v. :</subfield>
    <subfield code="b">il., retrs. ;</subfield>
    <subfield code="c">29 cm.</subfield>
  </datafield>
  <datafield tag="490" ind1="1" ind2=" ">
    <subfield code="a">Proyecto S&#xE9;</subfield>
  </datafield>
  <datafield tag="500" ind1=" " ind2=" ">
    <subfield code="a">educaci&#xF3;n b&#xE1;sica</subfield>
  </datafield>
  <datafield tag="505" ind1="1" ind2=" ">
    <subfield code="a">v. 1 :</subfield>
    <subfield code="g">unidad 1 --</subfield>
    <subfield code="t">&#xA1;Voy a aprender! --</subfield>
    <subfield code="g">unidad 2 --</subfield>
    <subfield code="t">Yo soy as&#xED; --</subfield>
    <subfield code="g">unidad 3 --</subfield>
    <subfield code="t">Cuido mi cuerpo --</subfield>
    <subfield code="g">unidad 4 --</subfield>
    <subfield code="t">Como mi familia, ninguna --</subfield>
    <subfield code="g">unidad 5 --</subfield>
    <subfield code="t">La gente que me rodea --</subfield>
    <subfield code="g">unidad 6 --</subfield>
    <subfield code="t">Un viaje a la diversi&#xF3;n --</subfield>
    <subfield code="g">unidad 7 --</subfield>
    <subfield code="t">Cuido mi planeta --</subfield>
    <subfield code="g">unidad 8 --</subfield>
    <subfield code="t">Necesitan de m&#xED; --</subfield>
    <subfield code="g">unidad 9 --</subfield>
    <subfield code="t">Un merecido descanso --</subfield>
  </datafield>
  <datafield tag="505" ind1="1" ind2=" ">
    <subfield code="a">v. 2 :</subfield>
    <subfield code="g">unidad 1 --</subfield>
    <subfield code="t">Me gusta ser as&#xED; --</subfield>
    <subfield code="g">unidad 2 --</subfield>
    <subfield code="t">Palabras m&#xE1;gicas --</subfield>
    <subfield code="g">unidad 3 --</subfield>
    <subfield code="t">&#xA1;Que viva la comprensi&#xF3;n! --</subfield>
    <subfield code="g">unidad 4 --</subfield>
    <subfield code="t">&#xA1;Correo! --</subfield>
    <subfield code="g">unidad 5 --</subfield>
    <subfield code="t">Orgullo de mi familia --</subfield>
    <subfield code="g">unidad 6 --</subfield>
    <subfield code="t">Puedo vencer el miedo --</subfield>
    <subfield code="g">unidad 7 --</subfield>
    <subfield code="t">&#xA1;A jugar se ha dicho! --</subfield>
    <subfield code="g">unidad 8 --</subfield>
    <subfield code="t">Te cuento un cuento --</subfield>
    <subfield code="g">unidad 9 --</subfield>
    <subfield code="t">Me comunico con el mundo --</subfield>
    <subfield code="g">unidad 10 --</subfield>
    <subfield code="t">&#xA1;No te rindas! --</subfield>
    <subfield code="g">unidad 11 --</subfield>
    <subfield code="t">Una lecci&#xF3;n para aprender --</subfield>
  </datafield>
  <datafield tag="505" ind1="1" ind2=" ">
    <subfield code="a">v. 3 :</subfield>
    <subfield code="g">unidad 1 --</subfield>
    <subfield code="t">Soy importante --</subfield>
    <subfield code="g">unidad 2 --</subfield>
    <subfield code="t">Me comunico con los dem&#xE1;s --</subfield>
    <subfield code="g">unidad 3 --</subfield>
    <subfield code="t">Me encanta el mundo animal --</subfield>
    <subfield code="g">unidad 4 --</subfield>
    <subfield code="t">Pongo todo mi esfuerzo --</subfield>
    <subfield code="g">unidad 5 --</subfield>
    <subfield code="t">Mi pa&#xED;s y sus paisajes --</subfield>
    <subfield code="g">unidad 6 --</subfield>
    <subfield code="t">Mi cultura --</subfield>
    <subfield code="g">unidad 7 --</subfield>
    <subfield code="t">Lugares imaginarios --</subfield>
    <subfield code="g">unidad 8 --</subfield>
    <subfield code="t">Debajo de las olas --</subfield>
    <subfield code="g">unidad 9 --</subfield>
    <subfield code="t">Comparto lo que s&#xE9; --</subfield>
    <subfield code="g">unidad 10 --</subfield>
    <subfield code="t">Las artes: domingo, lunes, martes...</subfield>
    <subfield code="g">unidad 11 --</subfield>
    <subfield code="t">Leo, leo &#xBF;qu&#xE9; lees? --</subfield>
  </datafield>
  <datafield tag="505" ind1="1" ind2=" ">
    <subfield code="a">v. 4 :</subfield>
    <subfield code="g">unidad 1 --</subfield>
    <subfield code="t">Las palabras --</subfield>
    <subfield code="g">unidad 2 --</subfield>
    <subfield code="t">&#xA1;Dame la mano! --</subfield>
    <subfield code="g">unidad 3 --</subfield>
    <subfield code="t">La paz, y ya ver&#xE1;s --</subfield>
    <subfield code="g">unidad 4 --</subfield>
    <subfield code="t">A veces me enojo --</subfield>
    <subfield code="g">unidad 5 --</subfield>
    <subfield code="t">&#xA1;&#xDA;ltima hora! --</subfield>
    <subfield code="g">unidad 6 --</subfield>
    <subfield code="t">Respeto mi entorno --</subfield>
    <subfield code="g">unidad 7 --</subfield>
    <subfield code="t">Se buscan h&#xE9;roes --</subfield>
    <subfield code="g">unidad 8 --</subfield>
    <subfield code="t">Tambi&#xE9;n soy caribe&#xF1;o --</subfield>
    <subfield code="g">unidad 9 --</subfield>
    <subfield code="t">El paisaje de mi pa&#xED;s --</subfield>
    <subfield code="g">unidad 10 --</subfield>
    <subfield code="t">Me expreso --</subfield>
    <subfield code="g">unidad 11 --</subfield>
    <subfield code="t">Me conecto --</subfield>
  </datafield>
  <datafield tag="505" ind1="1" ind2=" ">
    <subfield code="a">v. 5 :</subfield>
    <subfield code="g">unidad 1 --</subfield>
    <subfield code="t">Abramos camino --</subfield>
    <subfield code="g">unidad 2 --</subfield>
    <subfield code="t">Juntos logramos m&#xE1;s --</subfield>
    <subfield code="g">unidad 3 --</subfield>
    <subfield code="t">Cuento con tu opini&#xF3;n --</subfield>
    <subfield code="g">unidad 4 --</subfield>
    <subfield code="t">As&#xED; se hace --</subfield>
    <subfield code="g">unidad 5 --</subfield>
    <subfield code="t">&#xA1;Qu&#xE9; lengua ma m&#xED;a! --</subfield>
    <subfield code="g">unidad 6 --</subfield>
    <subfield code="t">&#xA1;Lo m&#xE1;ximo! --</subfield>
    <subfield code="g">unidad 7 --</subfield>
    <subfield code="t">Estoy informado --</subfield>
    <subfield code="g">unidad 8 --</subfield>
    <subfield code="t">&#xA1;A reverdecer! --</subfield>
    <subfield code="g">unidad 9 --</subfield>
    <subfield code="t">Alcanzar el &#xE9;xito --</subfield>
    <subfield code="g">unidad 10 --</subfield>
    <subfield code="t">&#xA1;En escena! --</subfield>
  </datafield>
  <datafield tag="505" ind1="1" ind2=" ">
    <subfield code="a">v. 6 :</subfield>
    <subfield code="g">unidad 1 --</subfield>
    <subfield code="t">Hablamos espa&#xF1;ol --</subfield>
    <subfield code="g">unidad 2 --</subfield>
    <subfield code="t">Mejoro d&#xED;a a d&#xED;a --</subfield>
    <subfield code="g">unidad 3 --</subfield>
    <subfield code="t">Quiero decir unas palabras --</subfield>
    <subfield code="g">unidad 4 --</subfield>
    <subfield code="t">Me gusta lo que hago --</subfield>
    <subfield code="g">unidad 5 --</subfield>
    <subfield code="t">Me informo --</subfield>
    <subfield code="g">unidad 6 --</subfield>
    <subfield code="t">&#xBF;Qu&#xE9; est&#xE1; sucediendo? --</subfield>
    <subfield code="g">unidad 7 --</subfield>
    <subfield code="t">Recordar es vivir --</subfield>
    <subfield code="g">unidad 8 --</subfield>
    <subfield code="t">Pa&#xED;s limpio: hogar sano --</subfield>
    <subfield code="g">unidad 9 --</subfield>
    <subfield code="t">Abracemos la naturaleza --</subfield>
    <subfield code="g">unidad 10 --</subfield>
    <subfield code="t">La red nos acerca --</subfield>
  </datafield>
  <datafield tag="505" ind1="1" ind2=" ">
    <subfield code="a">v. 7 :</subfield>
    <subfield code="g">unidad 1 --</subfield>
    <subfield code="t">Te contar&#xE9; sobre m&#xED; --</subfield>
    <subfield code="g">unidad 2 --</subfield>
    <subfield code="t">Mi voz entre tantas otras --</subfield>
    <subfield code="g">unidad 3 --</subfield>
    <subfield code="t">Dos son m&#xE1;s que uno --</subfield>
    <subfield code="g">unidad 4 --</subfield>
    <subfield code="t">...&#xBF;y por qu&#xE9;? --</subfield>
    <subfield code="g">unidad 5 --</subfield>
    <subfield code="t">So&#xF1;ar para creer --</subfield>
    <subfield code="g">unidad 6 --</subfield>
    <subfield code="t">Soy responsable --</subfield>
    <subfield code="g">unidad 7 --</subfield>
    <subfield code="t">Abajo las fronteras --</subfield>
    <subfield code="g">unidad 8 --</subfield>
    <subfield code="t">Leer nos hace grandes --</subfield>
    <subfield code="g">unidad 9 --</subfield>
    <subfield code="t">Hoy por ti... --</subfield>
    <subfield code="g">unidad 10 --</subfield>
    <subfield code="t">El mundo en mis manos --</subfield>
  </datafield>
  <datafield tag="505" ind1="1" ind2=" ">
    <subfield code="a">v. 8 :</subfield>
    <subfield code="g">unidad 1 --</subfield>
    <subfield code="t">&#xBF;Qui&#xE9;n soy? --</subfield>
    <subfield code="g">unidad 2 --</subfield>
    <subfield code="t">H&#xE1;blame en buen espa&#xF1;ol --</subfield>
    <subfield code="g">unidad 3 --</subfield>
    <subfield code="t">Tanto que aprender --</subfield>
    <subfield code="g">unidad 4 --</subfield>
    <subfield code="t">Un mundo abreviado --</subfield>
    <subfield code="g">unidad 5 --</subfield>
    <subfield code="t">te tiendo la mano --</subfield>
    <subfield code="g">unidad 6 --</subfield>
    <subfield code="t">Todos tenemos una historia --</subfield>
    <subfield code="g">unidad 7 --</subfield>
    <subfield code="t">Arte por todas partes --</subfield>
    <subfield code="g">unidad 8 --</subfield>
    <subfield code="t">Siembra un &#xE1;rbol hoy --</subfield>
    <subfield code="g">unidad 9 --</subfield>
    <subfield code="t">Es cuesti&#xF3;n de esfuerzo --</subfield>
    <subfield code="g">unidad 10 --</subfield>
    <subfield code="t">D&#xE9;jame convercerte --</subfield>
  </datafield>
  <datafield tag="700" ind1="1" ind2=" ">
    <subfield code="a">Rogero Soler, Anna</subfield>
    <subfield code="e">ger. ed.</subfield>
    <subfield code="9">30656</subfield>
  </datafield>
  <datafield tag="700" ind1="1" ind2=" ">
    <subfield code="a">Arias, Laura</subfield>
    <subfield code="e">il.</subfield>
    <subfield code="9">30830</subfield>
  </datafield>
  <datafield tag="830" ind1=" " ind2="0">
    <subfield code="a">Proyecto S&#xE9;</subfield>
    <subfield code="9">22850</subfield>
  </datafield>
  <datafield tag="952" ind1=" " ind2=" ">
    <subfield code="0">0</subfield>
    <subfield code="1">0</subfield>
    <subfield code="7">-1</subfield>
    <subfield code="8">PD</subfield>
    <subfield code="a">GR</subfield>
    <subfield code="b">GR</subfield>
    <subfield code="c">OI</subfield>
    <subfield code="d">2009-11-25</subfield>
    <subfield code="i">LF1</subfield>
    <subfield code="l">0</subfield>
    <subfield code="o">xxxx xxxx</subfield>
    <subfield code="p">13498-30</subfield>
    <subfield code="r">2020-06-25</subfield>
    <subfield code="w">2020-06-25</subfield>
    <subfield code="y">LFPD</subfield>
    <subfield code="Z">No se presta</subfield>
  </datafield>
  <datafield tag="952" ind1=" " ind2=" ">
    <subfield code="0">0</subfield>
    <subfield code="1">0</subfield>
    <subfield code="7">1</subfield>
    <subfield code="8">PD</subfield>
    <subfield code="a">PD</subfield>
    <subfield code="b">PD</subfield>
    <subfield code="c">HD</subfield>
    <subfield code="d">2009-11-25</subfield>
    <subfield code="i">LF1</subfield>
    <subfield code="l">0</subfield>
    <subfield code="o">xxxx xxxx</subfield>
    <subfield code="p">13498-10</subfield>
    <subfield code="r">2020-06-25</subfield>
    <subfield code="w">2020-06-25</subfield>
    <subfield code="y">LFPD</subfield>
    <subfield code="Z">No se presta</subfield>
  </datafield>
  <datafield tag="952" ind1=" " ind2=" ">
    <subfield code="0">0</subfield>
    <subfield code="1">0</subfield>
    <subfield code="7">-1</subfield>
    <subfield code="8">PD</subfield>
    <subfield code="a">PD</subfield>
    <subfield code="b">PD</subfield>
    <subfield code="c">OI</subfield>
    <subfield code="d">2009-11-25</subfield>
    <subfield code="i">LF1</subfield>
    <subfield code="l">0</subfield>
    <subfield code="o">xxxx xxxx</subfield>
    <subfield code="p">13498-20</subfield>
    <subfield code="r">2020-06-25</subfield>
    <subfield code="w">2020-06-25</subfield>
    <subfield code="y">LFPD</subfield>
    <subfield code="Z">No se presta</subfield>
  </datafield>
  <datafield tag="999" ind1=" " ind2=" ">
    <subfield code="c">13122</subfield>
    <subfield code="d">13122</subfield>
  </datafield>
</record>
